Aglomeračné výhody a technologická náročnosť odvetví priemyslu na Slovensku

Skúmanie vplyvov aglomeračných výhod na geografickú koncentráciu podnikov priemyselnej výroby podľa stupňa technologickej náročnosti na Slovensku v rokoch 1997-2016. Rozsah pôsobenia efektu interných úspor z rozsahu na vývoj geografickej koncentrácie odvetví podľa technologickej náročnosti. Formy ex...

Description complète

Enregistré dans:
Détails bibliographiques
Auteur principal: Rusnák, Jaroslav
Autres auteurs: Lehocký, Filip
Format: Chapitre de livre
Langue:slovaque
Sujets:
Tags: Ajouter un tag
Pas de tags, Soyez le premier à ajouter un tag!

MARC

LEADER 00000naa a2200000 4500
001 0258119
005 20190909125926.6
041 0 |a slo 
044 |a CZ 
245 1 0 |a Aglomeračné výhody a technologická náročnosť odvetví priemyslu na Slovensku  |c Jaroslav Rusnák, Filip Lehocký 
520 |a Skúmanie vplyvov aglomeračných výhod na geografickú koncentráciu podnikov priemyselnej výroby podľa stupňa technologickej náročnosti na Slovensku v rokoch 1997-2016. Rozsah pôsobenia efektu interných úspor z rozsahu na vývoj geografickej koncentrácie odvetví podľa technologickej náročnosti. Formy externých úspor z rozsahu a ich ovplyvňovanie geografickej koncentrácie priemyslených odvetví podľa technologickej náročnosti. 
610 2 0 |a Slovensko 
610 2 0 |a priemysel 
610 2 0 |a odvetvia priemyselné 
610 2 0 |a aglomerácie priemyselné 
610 2 0 |a koncentrácia 
610 2 0 |a podnik 
610 2 0 |a úspory 
100 1 |a Rusnák, Jaroslav 
700 1 |a Lehocký, Filip